Cuaderno caligráfico para la enseñanza de la letra redonda francesa con arreglo al método escrito y publicado

Gespeichert in:
Bibliographische Detailangaben
1. Verfasser: Palafox Boix, Silverio .
Format: Buch
Sprache:Spanisch
Erschienen: Valencia : Gráficas Soler, 1964
Katalog:MANES:  Suchergebnis im Bibliothekskatalog
Schulbuchspezifische Eigenschaften:
Tags: Tag hinzufügen
Keine Tags, Fügen Sie den ersten Tag hinzu!
Hinzugefügt zu:29.11.1999
Geändert in:07.05.2025

MARC

LEADER 00000cam a2200000#i 4500
005 20250507134556.0
008 000000s1964 esp f 000 0 spa d
040 |a uned  |b spa  |c entro-manes 
100 1 |a Palafox Boix, Silverio .  |9 24150 
245 1 0 |a Cuaderno caligráfico para la enseñanza de la letra redonda francesa con arreglo al método escrito y publicado /   |c por Silverio Palafox Boix 
260 |a Valencia :   |b Gráficas Soler,   |c 1964 
300 |a 11 p. 
500 |a Reglas : 1a, 2a y 3a (Cuaderno unificado) 
546 |a España 
561 |5 es-BUNED  |3 L.T. 3193  |a España. Fondo Manes UNED  |k MANES 
690 0 |a EyL 
942 |2 ddc  |c BK 
999 |c 97698  |d 97698 
999 |c manes:97698  |d 97698